| 000 | 00667nam a2200241Ia 4500 | ||
|---|---|---|---|
| 003 | OSt | ||
| 005 | 20220927110657.0 | ||
| 006 | a|||||r|||| 00| 0 | ||
| 007 | ta | ||
| 008 | 220926b |||||||| |||| 00| 0 eng d | ||
| 024 | _a104579 | ||
| 037 | _cReports | ||
| 040 |
_aRTL _cRTL _beng |
||
| 041 |
_2eng _aeng |
||
| 082 | _a"z.252.N56t5, GD" | ||
| 110 |
_a"Uttar Pradesh, Planning (Deptt.)" _9379742 |
||
| 245 | 0 |
_aSecond five year plan _b A brief outline |
|
| 300 |
_a91p. _ccm. |
||
| 650 | _aGeneralia | ||
| 700 |
_a"Uttar Pradesh, Planning (Deptt.)" _9379743 |
||
| 942 |
_h"z.252.N56t5, GD" _cCC |
||
| 999 |
_c697613 _d697613 |
||